Porque é que os animais não conduzem? (Registo nº 1403)

Detalhes MARC
000 -Etiqueta do registo
Cabeçalho 00775nam a2200253 n 4500
005 - Identificador da versão
Campo de controlo 20240813121835.0
010 ## - Número internacional normalizado dos livros (ISBN)
Número (ISBN) 9789899679122
021 ## - Número do Depósito Legal
Código do país PT
Número 341366/12
003 - Persistent Record Identifier
control field http://catalogo.bnportugal.pt/ipac20/ipac.jsp?profile=bn&uri=full=3100024~!1805989~!0
100 ## - Dados gerais de processamento
Dados gerais de processamento 20150605d2012 cd y0pory5003 ba
102 ## - Pais de publicação ou produção
País de publicação Portugal
101 0# - Língua de publicação
Língua do texto, banda sonora, etc. Português
215 ## - Descrição física 
Indicação específica da natureza do documento e extensão da espécie 27, [3] p.
Outras indicações físicas il.
Dimensões 23 cm
200 1# - Titulo e menção de responsabilidade
Título próprio Porque é que os animais não conduzem?
Primeira menção de responsabilidade Pedro Seromenho
205 ## - Menção da edição
Menção da edição 3ª ed
210 ## - Publicação, Distribuição, etc. 
Lugar da edição, distribuição, etc. Braga
Nome do editor, distribuidor, etc. Paleta de Letras
Data da publicação, distribuição, etc. 2012
606 ## - Nome comum usado como assunto
Número de registo de entrada de autoridade 0002010
Palavra de ordem Literatura portuguesa
Subdivisão de assunto Conto
Código do sistema CA
675 ## - Classificação Decimal Universal (CDU)
Notação 821.134.3-34
Edição 3ª ed.
Língua da edição por
700 #1 - Nome de autor-pessoa física (responsabilidade principal)
Número de registo de entrada de autoridade 0002203
Palavra de ordem Seromenho
Outra parte do nome não tomada para palavra de ordem Pedro
Datas 1975-
966 ## - Identificação da Biblioteca
Sigla EB2,3ENM
942 ## - Elementos de entrada adicionados (Koha)
Tipo de item no Koha Livro
Exemplares
Situação do levantamento Origin of item (home branch) (coded) Biblioteca de empréstimo Código de barras Cota Circulation type (not for loan) Tipo de documento Nota do exemplar Damaged status
  Biblioteca Escolar Eng. Nuno Mergulhão Biblioteca Escolar Eng. Nuno Mergulhão BENM3488 | 2012 82LP-34 SER   Livro Sem mensagem